000 00654nam a2200241Ia 4500
003 OSt
005 20221005081039.0
006 a|||||r|||| 00| 0
007 ta
008 221004b |||||||| |||| 00| 0 eng d
024 _a23474
037 _cTextual
040 _aCRL
_cCRL
_beng
041 _2eng
_aeng
082 _aV58:191(X).N7, L6
100 _aKodachenko A
_9610794
245 0 _aUSSR and developing countries
260 _aNew Delhi
_bPerspective Publications India
_c1976
300 _a87p.
_ccm.
650 _aRUSSIA - HISTORY
942 _hV58:191(X).N7, L6
_cTEXL
_2cc
999 _c987107
_d987107